• 首页
  • 本馆介绍
  • 公告通知
  • 最新文献
  • 馆藏检索
  • 电子资源
  • 读者导购
  • 参考咨询
  • 我的图书馆
  • 登录
  • 详细信息显示
  • 放入我的书架
  • 预约/预借图书
  • 作者相关作品
  • 分类相关作品
  • 丛书相关作品
  • 出版社相关作品

书目信息

  • 表格格式
  • 工作单格式
  • 卡片格式
题名:
园艺容器栽培图解
    
 
作者: 斋藤义弘 著 ;高东昌 译
分册:  
出版信息: 沈阳   辽宁科学技术出版社  2001
页数: 237页
开本: 21cm
丛书名:
单 册:
中图分类: S626.9
科图分类:
主题词: 园艺--温室栽培 , 蔬菜--容器--栽培--图解
电子资源:
ISBN: 7-5381-3193-0
000 00664nam0 2200217 45
001 0309151379
005 20031219104114.7
010    @a7-5381-3193-0@dCNY30.00
100    @a20030915d2001 km y0chiy0120 ea
101 0  @achi@cjpn
105    @a z 000yy
200 1  @a园艺容器栽培图解@AYuan Yi Rong Qi Zai Pei Tu Jie@f(日)斋藤义弘著@F(Ri)Zhai Teng Yi Hong Zhu@g高东昌译
210    @a沈阳@c辽宁科学技术出版社@d2001
215    @a237页@d21cm
606 0  @a园艺@x温室栽培
606 0  @a蔬菜@x容器@x栽培@x图解
690    @aS626.9@v4
701  0 @a斋藤义弘@4著
702  0 @a高东昌@AGao Dong Chang@4译
801    @aCN@bTSTC@c20030915
905    @b325209-211@dS626.9@e64@f3
    
    园艺容器栽培图解/(日)斋藤义弘著/高东昌译.-沈阳:辽宁科学技术出版社,2001
    237页;21cm
    
    
    ISBN 7-5381-3193-0:CNY30.00
    
●
相关链接 在E读中查询图书 在五车中查询图书 在当当中查询图书 在豆瓣中查询图书


正题名:园艺容器栽培图解     索取号:S626.9/64         预约/预借

序号 登录号 条形码 馆藏地/架位号 状态 备注
1 0325209   203252096   第三借阅区/ [索取号:S626.9/64] 在馆    
2 0325210   203252103   第三借阅区/ [索取号:S626.9/64] 在馆    
3 0325211   203252112   第二样本阅览室/ [索取号:S626.9/64] 在馆    
唐山师范学院图书馆 欢迎您!
大连网信软件有限公司© 版权所有